| 000 | 00354nam a2200133Ia 4500 | ||
|---|---|---|---|
| 008 | 210210b1978 xxu||||| |||| 00| 0 eng d | ||
| 082 | _a630K SVAN | ||
| 100 | _aSVAMI (Bi Ji Ei). | ||
| 245 | _aNamma hotteyalli Dakshina Amerika. | ||
| 260 |
_aBengaluru _bVishvavidyalaya prasaranga _c1978 |
||
| 300 | _aviii,138 | ||
| 690 | _aAgriculture | ||
| 906 | _a037519 | ||
| 999 |
_c87408 _d87408 |
||